Das Familienarchiv Seyh Semsuddins, Oberhaupt der Hayatiye-Halvetiye von Manastir im späten 18. Jahrhundert
Gespeichert in:
| 1. Verfasser: | |
|---|---|
| Dokumenttyp: | Kapitel/Artikel |
| Sprache: | Deutsch |
| Veröffentlicht: |
1997
|
| In: |
Das osmanische Reich in seinen Archivalien und Chroniken
Year: 1997, Pages: 307-327 |
| Online-Zugang: |
|
| Verfasserangaben: | Michael Ursinus |
MARC
| LEADER | 00000caa a22000002c 4500 | ||
|---|---|---|---|
| 001 | 1484046641 | ||
| 003 | DE-627 | ||
| 005 | 20220811112233.0 | ||
| 007 | tu | ||
| 008 | 140905s1997 xx ||||| 00| ||ger c | ||
| 035 | |a (DE-627)1484046641 | ||
| 035 | |a (DE-576)414046641 | ||
| 035 | |a (DE-599)BSZ414046641 | ||
| 035 | |a (OCoLC)1340645876 | ||
| 040 | |a DE-627 |b ger |c DE-627 |e rakwb | ||
| 041 | |a ger | ||
| 084 | |a 63 |2 sdnb | ||
| 100 | 1 | |a Ursinus, Michael |d 1950- |0 (DE-588)1021996041 |0 (DE-627)715848615 |0 (DE-576)364456329 |4 aut | |
| 245 | 1 | 4 | |a Das Familienarchiv Seyh Semsuddins, Oberhaupt der Hayatiye-Halvetiye von Manastir im späten 18. Jahrhundert |c Michael Ursinus |
| 264 | 1 | |c 1997 | |
| 300 | |a 21 | ||
| 336 | |a Text |b txt |2 rdacontent | ||
| 337 | |a ohne Hilfsmittel zu benutzen |b n |2 rdamedia | ||
| 338 | |a Band |b nc |2 rdacarrier | ||
| 773 | 0 | 8 | |i In |t Das osmanische Reich in seinen Archivalien und Chroniken |d Stuttgart : Steiner, 1997 |g (1997), Seite 307-327 |h XXIII, 327 S. |w (DE-627)1616511168 |w (DE-576)060748044 |z 3515070346 |7 nnam |a Das Familienarchiv Seyh Semsuddins, Oberhaupt der Hayatiye-Halvetiye von Manastir im späten 18. Jahrhundert |
| 773 | 1 | 8 | |g year:1997 |g pages:307-327 |g extent:21 |a Das Familienarchiv Seyh Semsuddins, Oberhaupt der Hayatiye-Halvetiye von Manastir im späten 18. Jahrhundert |
| 951 | |a AR | ||
| 992 | |a 20140905 | ||
| 993 | |a BookComponentPart | ||
| 994 | |a 1997 | ||
| 998 | |g 1021996041 |a Ursinus, Michael |m 1021996041:Ursinus, Michael |d 70000 |d 70800 |e 70000PU1021996041 |e 70800PU1021996041 |k 0/70000/ |k 1/70000/70800/ |p 1 |x j |y j | ||
| 999 | |a KXP-PPN1484046641 |e 2814017292 | ||
| BIB | |a Y | ||
| JSO | |a {"relHost":[{"recId":"1616511168","relMultPart":[{"dispAlt":"Beiruter Texte und Studien / Türkische Welten","titleAlt":[{"title":"Beiruter Texte und Studien / Türkische Welten"}],"language":["ger","eng"],"name":{"displayForm":["hrsg. vom Orient-Institut der Deutschen Morgenländischen Gesellschaft"]},"disp":"Türkische Welten","part":{"number_sort":["1"],"number":["1"]},"type":{"bibl":"serial"},"recId":"519596544","corporate":[{"role":"isb","display":"Orient-Institut Beirut"}],"pubHistory":["1.1997 -"],"title":[{"title_sort":"Beiruter Texte und Studien","partname":"Türkische Welten","title":"Beiruter Texte und Studien"}],"origin":[{"dateIssuedKey":"1997","publisher":"Steiner ; Ergon-Verl.","dateIssuedDisp":"1997-","publisherPlace":"Stuttgart ; Würzburg"}],"id":{"eki":["519596544"],"zdb":["2257074-3"]}},{"title":[{"title_sort":"Beiruter Texte und Studien","subtitle":"BTS","title":"Beiruter Texte und Studien"}],"origin":[{"dateIssuedKey":"1964","dateIssuedDisp":"1964-","publisher":"Ergon Verlag Würzburg in Kommission ; Steiner ; Orient-Inst. der Dt. Morgenländischen Ges. ; Steiner","publisherPlace":"Würzburg ; Wiesbaden ; Beirut ; Stuttgart"}],"id":{"issn":["0067-4931"],"zdb":["503273-8"],"eki":["130106933"]},"type":{"bibl":"serial"},"corporate":[{"role":"isb","display":"Orient-Institut Beirut"}],"pubHistory":["1.1964 -"],"recId":"130106933","name":{"displayForm":["hrsg. vom Orient-Institut Beirut"]},"titleAlt":[{"title":"BTS"}],"language":["ger"],"note":["Teils ohne Parallelsacht"],"part":{"number_sort":["65"],"number":["65"]},"disp":"Türkische Welten","dispAlt":"Beiruter Texte und Studien"}],"physDesc":[{"noteIll":"Ill., Kt.","extent":"XXIII, 327 S."}],"type":{"bibl":"edited-book"},"id":{"isbn":["3515070346"],"eki":["1616511168"]},"origin":[{"dateIssuedKey":"1997","dateIssuedDisp":"1997","publisher":"Steiner","publisherPlace":"Stuttgart"}],"title":[{"title":"Das osmanische Reich in seinen Archivalien und Chroniken","subtitle":"Nejat Göyünç zu Ehren","title_sort":"osmanische Reich in seinen Archivalien und Chroniken"}],"disp":"Das Familienarchiv Seyh Semsuddins, Oberhaupt der Hayatiye-Halvetiye von Manastir im späten 18. JahrhundertDas osmanische Reich in seinen Archivalien und Chroniken","part":{"year":"1997","pages":"307-327","extent":"21","text":"(1997), Seite 307-327"},"note":["Festschrift Nejat Göyünç. - Beitr. teilw. dt., teilw. engl., teilw. türk"],"language":["tur","ger","eng"],"person":[{"given":"Klaus","display":"Kreiser, Klaus","family":"Kreiser","role":"edt"},{"display":"Göyünç, Nejat","given":"Nejat","family":"Göyünç","role":"hnr"}],"name":{"displayForm":["hrsg. von Klaus Kreiser und Christoph K. Neumann"]}}],"recId":"1484046641","type":{"bibl":"chapter"},"physDesc":[{"extent":"21 S."}],"id":{"eki":["1484046641"]},"name":{"displayForm":["Michael Ursinus"]},"person":[{"role":"aut","family":"Ursinus","given":"Michael","display":"Ursinus, Michael"}],"title":[{"title_sort":"Familienarchiv Seyh Semsuddins, Oberhaupt der Hayatiye-Halvetiye von Manastir im späten 18. Jahrhundert","title":"Das Familienarchiv Seyh Semsuddins, Oberhaupt der Hayatiye-Halvetiye von Manastir im späten 18. Jahrhundert"}],"origin":[{"dateIssuedKey":"1997","dateIssuedDisp":"1997"}],"language":["ger"]} | ||
| SRT | |a URSINUSMICFAMILIENAR1997 | ||